|
|
|
|
| LEADER |
00000nam a22000007a 4500 |
| 005 |
20171221181916.0 |
| 007 |
cr|||| |||| |
| 008 |
171221s2009 mx |||||s|||| 00||0 spa d |
| 020 |
|
|
|a 978-607-401-080-0
|
| 035 |
|
|
|a 20919
|
| 040 |
|
|
|a vLex
|
| 090 |
|
|
|c 7342
|d 7342
|
| 100 |
1 |
|
|a Gonzl̀ez Garca̕, Juan
|
| 245 |
1 |
3 |
|a La polt̕ica econm̤ica en Mx̌ico y China
|h [Recurso electrn̤ico] /
|c Juan Gonzl̀ez Garca̕
|
| 256 |
|
|
|a Servicio en ln̕ea
|
| 260 |
|
|
|a Ciudad de Mx̌ico:
|b Cm̀ara de Diputados,
|c 2009
|
| 300 |
|
|
|a 1 recurso electrn̤ico
|
| 500 |
|
|
|a En este libro, el autor realiza un anl̀isis de la implementacin̤ de la polt̕ica econm̤ica en Mx̌ico y en la Repb︢lica Popular China (China) en las l︢timas tres dčadas. Para ello, plantea que es mediante la fundamentacin̤ actual que da la teora̕ de la polt̕ica econm̤ica, como se debe analizar la implementacin̤ de la polt̕ica econm̤ica aplicada por Mx̌ico y China. Concluye que es la congruencia y coherencia, el fundamento ter̤ico, y el contexto institucional, lo que explica la gran diferencia en el logro de los objetivos de cada pas̕. De esta manera, mientras que China ha implementado en los l︢timos aǫs una polt̕ica econm̤ica que ha privilegiado el crecimiento econm̤ico y el ingreso de la poblacin̤, Mx̌ico ha privilegiado la estabilidad econm̤ica, lo que ha llevado a una reduccin̤ del ingreso real de la poblacin̤.
|
| 506 |
1 |
|
|a Disponible solo en los productos indicados
|d vLex Global
|d vLex Global (Academic Edition, excluding Law Schools)
|d vLex Global (U.S. Academic Edition, Law Schools)
|d vLex Global (U.S. Academic Edition, excluding Law Schools)
|d vLex Global (Academic Edition, Law Schools)
|
| 650 |
0 |
4 |
|a Derecho Civil
|z Mx̌ico
|
| 740 |
0 |
|
|a vLex Libros (Servicio en ln̕ea)
|
| 856 |
4 |
0 |
|u http://vlex.com/source/politica-economica-en-mexico-y-china-20919
|z Acceso restringido
|
| 942 |
|
|
|c BOOK
|
| 999 |
0 |
|
|a Civil law
|